Statistics for Name that NHL Team!

Click here to take the quiz!

General Stats

  • This quiz has been taken 10 times
  • The average score is 11 of 24

Answer Stats

HintAnswer% Correct
This team was once owned by Jack Kent Cooke, who also owned the NBA's LA Lakers.LA Kings
100%
This team's only 4 Stanley Cups came in a row.New York Islanders
78%
This team is one of 4 that Gretzky played for.St. Louis Blues
78%
This is the only team to win 3 Stanley Cups after relocating from a different country.Colorado Avalanche
67%
A member of this team took home $1M from the 2024 skills competition.Edmonton Oilers
67%
This team shortened its name by removing a space in 1986.Chicago Blackhawks
56%
Donald Trump is a fan of this USA-coloured team.New York Rangers
56%
This team is located in the same city as the Quakers once were in the 30-31 season.Philadelphia Flyers
56%
This team shows their patriotism by wearing the national flag on their shoulder.Calgary Flames
44%
This is the older of 2 teams that swapped to the East in the 2013-14 season.Detroit Red Wings
44%
Viktor E. Ratt, reflecting players of this team, fought with a spectator during a game.Florida Panthers
44%
Marc-Andre Fleury is second for wins, set by a player whose first team was this.New Jersey Devils
44%
Ron Hextall was general manager for this team before Kyle Dubas.Pittsburgh Penguins
44%
Greats: Martin Brodeur, Grant Fuhr, and Curtis Joseph all tended goal for this team.St. Louis Blues
44%
After making another city riot 8 years prior, this team gave the Blues their first Stanley.Boston Bruins
33%
This team was named after a song of the same name.St. Louis Blues
33%
Oilers fans were angry when this team cheated them in round 2 of the 2017 playoffs.Anaheim Ducks
22%
The furthest this team made it in the playoffs was conference finals in 2012.Arizona Coyotes
22%
This team started in Boston, as part of the WHA before relocating twice.Carolina Hurricanes
22%
This team should belong to Canada. Alas the Americans took their fort back.Detroit Red Wings
22%
This team was the first to win the cup as an eighth-seeded team in the playoffs.LA Kings
22%
Roberto Luongo was drafted by this team fourth overall.New York Islanders
22%
This team is affiliated with the AHL's Coachella Valley FirebirdsSeattle Kraken
22%
Ray Whitney joined this team in their first season.San Jose Sharks
11%

Score Distribution

Percentile by Number Answered

Percent of People with Each Score

Your Score History

You have not taken this quiz